Les années... - Statistiques

Statistiques générales
  • Ce quiz a été pris 44 fois
  • Le résultat moyen est 5 sur 14
Statistiques - réponses
Hint Extra Hint Réponse % Correct
Année civile Du 1er janvier au 31 décembre
76%
Année fiscale Période fixe d'un exercice comptable
68%
Année scolaire Du début des cours aux principales vacances
63%
Année grégorienne Est fondée sur le calendrier de Grégoire XIII
58%
Année liturgique Commence le 1er dimanche de l'Avent
55%
Année calendaire Est fondée sur un calendrier
32%
Année bissextile 8784 heures
29%
Année julienne Est fondée sur le calendrier de Sosigène d'Alexandrie 365,25 jours
18%
Année anomalistique en 2000, 365 jours 6 heures 13 minutes 53 secondes Temps qui sépare deux passages de la Terre au périhélie
18%
Année commune 8760 heures
16%
Année sidérale en 2000, 365 jours 6 heures 9 minutes 10 secondes Temps qui sépare deux passages du soleil en un même point
13%
Année draconitique en 2000, 346 jours 14 heures 52 minutes 54 secondes Temps qui sépare deux passages du soleil par le noeud ascendant de l'orbite lunaire
11%
Année vague 365 jours Celle des Egyptiens antiques
5%
Année tropique conventionnelle Utilisée en astronomie
3%
Aucun quiz correspondant
Distribution des résultats
% des personnes avec chaque résultat
Percentile par nombre de réponses
Votre historique - résultats
Vous n’avez pas pris ce quiz